| 000 | 00467nam a2200181Ia 4500 | ||
|---|---|---|---|
| 008 | 230524s9999 xx 000 0 und d | ||
| 020 | _a9788181287144 | ||
| 082 |
_a629.892 _bSCI |
||
| 100 |
_aL.Sciavicco _942086 |
||
| 245 | 0 | _aModelling and Control of Robot Manipulators | |
| 250 | _a1 | ||
| 260 |
_aNew Delhi _bSpringer _c2007 |
||
| 300 | _a"XXIII,371p;" | ||
| 500 | _aQuantity Number: 1 | ||
| 650 | _aComp-Sc | ||
| 700 |
_aB.Siciliano _942087 |
||
| 942 | _cBK | ||
| 999 |
_c56495 _d56495 |
||